| 000 | 00678nam a2200217 4500 | ||
|---|---|---|---|
| 005 | 20170511090015.0 | ||
| 008 | 160302b -uk||||| |||| 00| 0 eng d | ||
| 020 | _a019451353X | ||
| 020 | _a0194513513 | ||
| 050 | 0 | 4 |
_aPE1128 _bM66 1982 |
| 100 | 1 |
_aMoore, John _eaut. |
|
| 245 | 1 | 0 |
_aReading and thinking in english / _cJohn Moore |
| 250 | _a1a ed. | ||
| 260 |
_aOxford : _bOxford University Press, _c1982 |
||
| 300 |
_a4 v. : _bil. ; _c24 cm. |
||
| 504 | _aIncluye índice | ||
| 505 | 1 |
_aContiene : _tv. 1 Concepts in use -- v. 2 Exploring functions -- |
|
| 650 | 7 |
_2Lemb _aEnseñanza _vLectura _xPensamiento |
|
| 700 | 1 |
_aWiddowson, H. G. _ecoaut. |
|
| 942 |
_2lcc _cLIB |
||
| 999 |
_c114078 _d114078 |
||